00445nam a2200133Ia 4500008004100000020001800041050002300059100002000082245007200102260003600174300003300210500006100243521000700304140529s9999 xx 000 0 und d a9781448855216 aHM 1261b.F74 2012 aFreedman, Jeri. aBeing a leader :borganizing and inspiring a group /cJeri Freedman aNew York :bRosen Pub.,cc2012. a80 p. :bcol. ill. ;c24 cm. aIncludes glossary, bibliographical references and index. aGE